| 000 | 00686nam a2200217Ii 4500 | ||
|---|---|---|---|
| 003 | JO-AjNU | ||
| 008 | 230605s9999||||xx |||||||||||||| ||und|| | ||
| 017 | _a2006/8/2226 | ||
| 040 |
_aJO-AjNU _bara _erda _cJO-AjNU |
||
| 041 | _aara | ||
| 050 | 1 | 4 | _aJC571.F3676.2007 |
| 100 | 3 |
_aالفقير ،رائد سليمان, _eauthor _920065 |
|
| 245 | 0 | 0 | _aجدلية الامن وحقوق الإنسان في عالم الإرهاب |
| 250 | _aط1 | ||
| 264 | 3 | 1 | _aعمان :سليمان الفقير ،2006 |
| 300 | _a168ص | ||
| 336 |
_atext _btxt _2rdacontent |
||
| 337 |
_aunmediated _bn _2rdamedia |
||
| 338 |
_avolume _bnc _2rdacarrier |
||
| 650 | 4 |
_aحقوق الانسان _920066 |
|
| 999 |
_aA6735 _c10303 _d10303 |
||